00929cam a2200277 i 450000100060000000300080000600500170001400800410003102000150007203500190008704000320010604100080013808200260014610000250017224500500019725000120024726000510025930000340031050000480034450400260039265000240041870000410044294200120048399900170049595201390051216442BD-RjUL20211209000017.0140213s1977 caua b 000 0 eng d a0874844266 a(BD-RjUL)16497 aDLCcDLCdDLCdBD-RjULbeng aeng00a796.343219bVER 19771 aVerner, Bill.95084010aRacquetball /cBill Verner with Drew Skowrup. a1st ed. aPalo Alto, Calif. :bMayfield Pub. Co.,c1977. avii, 113 p. :bill. ;c23 cm. a"Official rules of racquetball": p. 99-107. aBibliography: p. 113. 0aRacquetball.9508411 aSkowrup, Drew,ejoint author.950842 2ddccBK c16442d16442 00102ddc40718NFICaRUCLbRUCLcReadingd1992-11-05eAsia foundationl0o796.343 VER 1977r2014-02-13 00:00:00tC-1w2014-02-13yBK